000 00373 a2200145 4500
999 _c8012
_d8012
020 _a9781849028974
050 _aJC481ARE1958
100 _aArendt , Hannah
_eauthor
245 _aThe origins of totalitarianism /
_cHannah Arendt
264 _aNew York:
_c1958
300 _a520p. :
500 _aincludes index
650 _atotalitarianism
942 _2lcc
_cBK
_h481
_iARE
_kJC